00737nam a2200241Ia 4500008004100000041001200041082001200053100003500065245002500100260003400125300000800159365000800167520001300175520003800188546001200226630002500238650001300263655001300276730002500289942000900314999001900323952015300342101110s9999 xx 000 0 und d aENGLISH bSR33735 aAgarwal N.P. and Agarwal Sonia aFinancial management c2009bRBSA publishers, Jaipur a310 b900 aCommerce aUGC XIth Five Year Plan 2009-2010 aENGLISH aFinancial management aCommerce aCommerce aFinancial management cBOOK c826236d826233 00104070aDBJbDBJd0000-00-00eYogesh prakashan, Pune, Bill No. 5131, dt.18/3/10g900.00j0l0pDBJSR33735r2010-11-11 00:00:00w2010-11-11yBOOK